|
|
|
|
| LEADER |
04102nam a22003977a 4500 |
| 001 |
34901 |
| 003 |
BD-DhAAL |
| 005 |
20250921141918.0 |
| 008 |
190725r20191976bg ||||| |||| 00| 1 ben d |
| 020 |
|
|
|a 9789840422586
|
| 020 |
|
|
|a 9789840427437
|
| 040 |
|
|
|a BD-DhAAL
|c BD-DhAAL
|
| 041 |
|
|
|a ben
|
| 082 |
|
|
|a 891.4409
|2 23
|
| 100 |
|
|
|a আজাদ, হুমায়ুন,
|d ১৯৪৭-২০০৪.
|9 33133
|
| 245 |
|
|
|a লাল নীল দীপাবলি বা বাঙলা সাহিত্যের জীবনী /
|c হুমায়ুন আজাদ.
|
| 246 |
|
|
|a Lal nil dipabli ba Bangla shahityer jibani
|
| 246 |
|
|
|a Red and blue lamps or a biography of Bengali literature
|
| 250 |
|
|
|a দ্বিতীয় সংস্করণ.
|
| 260 |
|
|
|a ঢাকা :
|b আগামী প্রকাশনী,
|c ১৯৭৬ [সপ্তদশ মুদ্রণ ২০১৯, ঊনবিংশ মুদ্রণ ২০২৩].
|
| 300 |
|
|
|a ১৪৩ পৃষ্ঠা ;
|c ২২ সে.মি.
|
| 526 |
|
|
|a RS (GenEd)
|x Tahseen H. Ali, PhD
Assistant Professor and Assistant Dean, RS
School of General Education
BRAC University
Course Name : Emergence of Bangladesh (EMB 101)
|
| 541 |
|
|
|a Development Book Agency, Karim International
|e 34901, 35014, 40569, 44820, 44821, 44822, 44823, 44824
|
| 650 |
|
|
|a Bengali literature
|x History and criticism.
|
| 650 |
|
|
|a Bengali literature
|y 20th century
|x History and criticism.
|
| 852 |
|
|
|a Ayesha Abed Library
|c General Stacks
|
| 942 |
|
|
|2 ddc
|c BK
|
| 999 |
|
|
|c 40970
|d 40970
|
| 952 |
|
|
|0 0
|1 0
|2 ddc
|4 0
|6 891_440900000000000_AZA
|7 0
|9 65747
|a BRACUL
|b BRACUL
|c GEN
|d 2019-07-17
|e Development Book Agency
|g 176.00
|l 13
|m 97
|o 891.4409 AZA
|p 3010035014
|r 2026-01-05
|s 2025-12-04
|t 2
|v 176.00
|w 2019-07-17
|y BK
|
| 952 |
|
|
|0 0
|1 0
|2 ddc
|4 0
|6 891_440900000000000_AZA
|7 0
|9 65865
|a SCL
|b SCL
|c GEN
|d 2019-07-24
|e Development Book Agency
|g 176.00
|l 13
|m 31
|o 891.4409 AZA
|p 3020034901
|r 2025-10-19
|s 2025-10-14
|t 1
|v 176.00
|w 2019-07-24
|y BK
|
| 952 |
|
|
|0 0
|1 0
|2 ddc
|4 0
|6 891_440900000000000_AZA
|7 0
|9 72639
|a SCL
|b SCL
|c GEN
|d 2023-01-04
|e Development Book Agency
|g 255.00
|l 13
|m 2
|o 891.4409 AZA
|p 3020040569
|r 2025-11-01
|s 2025-10-13
|t 3
|v 255.00
|w 2023-01-04
|y BK
|
| 952 |
|
|
|0 0
|1 0
|2 ddc
|4 0
|6 891_440900000000000_AZA
|7 0
|9 78224
|a SCL
|b SCL
|c GEN
|d 2025-09-18
|e Karim International
|g 246.00
|l 2
|m 1
|o 891.4409 AZA
|p 3020044820
|r 2026-03-04
|s 2026-02-26
|t 4
|v 492.00
|w 2025-09-18
|y BK
|x Requisitioned by Tahseen H. Ali, PhD (Assistant Professor and Assistant Dean, RS School of General Education, BRAC University) for the course named- "Emergence of Bangladesh (EMB 101)"
|
| 952 |
|
|
|0 0
|1 0
|2 ddc
|4 0
|6 891_440900000000000_AZA
|7 0
|9 78225
|a SCL
|b SCL
|c GEN
|d 2025-09-18
|e Karim International
|g 246.00
|l 3
|o 891.4409 AZA
|p 3020044822
|r 2026-03-08
|s 2026-02-27
|t 6
|v 492.00
|w 2025-09-18
|y BK
|x Requisitioned by Tahseen H. Ali, PhD (Assistant Professor and Assistant Dean, RS School of General Education, BRAC University) for the course named- "Emergence of Bangladesh (EMB 101)"
|
| 952 |
|
|
|0 0
|1 0
|2 ddc
|4 0
|6 891_440900000000000_AZA
|7 0
|9 78226
|a SCL
|b SCL
|c GEN
|d 2025-09-18
|e Karim International
|g 246.00
|l 2
|m 3
|o 891.4409 AZA
|p 3020044823
|r 2026-03-07
|s 2026-02-01
|t 7
|v 492.00
|w 2025-09-18
|y BK
|x Requisitioned by Tahseen H. Ali, PhD (Assistant Professor and Assistant Dean, RS School of General Education, BRAC University) for the course named- "Emergence of Bangladesh (EMB 101)"
|
| 952 |
|
|
|0 0
|1 0
|2 ddc
|4 0
|6 891_440900000000000_AZA
|7 0
|9 78227
|a SCL
|b SCL
|c GEN
|d 2025-09-18
|e Karim International
|g 246.00
|l 0
|o 891.4409 AZA
|p 3020044824
|r 2025-09-18
|t 8
|v 492.00
|w 2025-09-18
|y BK
|x Requisitioned by Tahseen H. Ali, PhD (Assistant Professor and Assistant Dean, RS School of General Education, BRAC University) for the course named- "Emergence of Bangladesh (EMB 101)"
|
| 952 |
|
|
|0 0
|1 0
|2 ddc
|4 0
|6 891_440900000000000_AZA
|7 0
|9 78228
|a SCL
|b SCL
|c GEN
|d 2025-09-18
|e Karim International
|g 246.00
|l 3
|o 891.4409 AZA
|p 3020044821
|r 2026-03-03
|s 2026-03-03
|t 5
|v 492.00
|w 2025-09-18
|y BK
|x Requisitioned by Tahseen H. Ali, PhD (Assistant Professor and Assistant Dean, RS School of General Education, BRAC University) for the course named- "Emergence of Bangladesh (EMB 101)"
|